Carbon footprint reporting for a Scottish livestock farm (Record no. 81608)

MARC details
000 -LEADER
fixed length control field 00988cad a22002175a 4500
001 - CONTROL NUMBER
control field E147674
008 - FIXED-LENGTH DATA ELEMENTS--GENERAL INFORMATION
fixed length control field 090604s2008 xxk 000 0 eng d
035 ## - SYSTEM CONTROL NUMBER
System control number (Sirsi) u147674
041 0# - LANGUAGE CODE
Language code of text/sound track or separate title eng
100 2# - MAIN ENTRY--PERSONAL NAME
Personal name Topp, Kairsty
245 00 - TITLE STATEMENT
Title Carbon footprint reporting for a Scottish livestock farm
Medium [electronic resource]
260 ## - PUBLICATION, DISTRIBUTION, ETC.
Date of publication, distribution, etc. [2008]
490 ## - SERIES STATEMENT
Series statement SAC Rural Policy Centre Research Briefing
520 ## - SUMMARY, ETC.
Summary, etc. Reports on a research project which was aimed at achieving a better understanding of the carbon footprint of a Scottish livestock farm in Scotland. Looks at baseline data which could be used to assess changes in emissions, and compares the results from various footprinting tools.
590 ## - LOCAL NOTE (RLIN)
Local note KA
651 #4 - SUBJECT ADDED ENTRY--GEOGRAPHIC NAME
Geographic name Scotland
Chronological subdivision 1999-
690 ## - LOCAL SUBJECT ADDED ENTRY--TOPICAL TERM (OCLC, RLIN)
Topical term or geographic name as entry element ENVIRONMENTAL AND LAND CONSULTANCY-AGRIBUSINESS-AGRICULTURE
700 1# - ADDED ENTRY--PERSONAL NAME
Personal name Rees, Bob
856 40 - ELECTRONIC LOCATION AND ACCESS
Uniform Resource Identifier <a href="https://www.sac.ac.uk/mainrep/pdfs/carbonfootprint.pdf">https://www.sac.ac.uk/mainrep/pdfs/carbonfootprint.pdf</a>
Public note View the briefing free of charge (pdf file) at www.sac.ac.uk
942 ## - ADDED ENTRY ELEMENTS (KOHA)
Suppress in OPAC 0
Holdings
Withdrawn status Lost status Source of classification or shelving scheme Damaged status Not for loan Home library Current library Shelving location Date acquired Total Checkouts Full call number Barcode Date last seen Copy number Price effective from Koha item type
    Dewey Decimal Classification     Virtual Virtual Online 04/06/2009   ONLINE PUBLICATION 147674-2001 06/08/2019 1 06/08/2019 Journal article